MARC

Tag First Indicator Second Indicator Subfields
LEADER 00000cam a2200000 a 4500
001 in00005735921
005 20260326160320.5
006 m o d
007 cr cnu---unuuu
008 090120s1991 maua ob 001 0 eng d
040 |a N$T  |b eng  |e pn  |c N$T  |d OCLCQ  |d UBY  |d IDEBK  |d E7B  |d OCLCQ  |d OPELS  |d OCLCQ  |d OCLCF  |d OCLCA  |d YDXCP  |d OCLCQ  |d DEBSZ  |d OTZ  |d YOU  |d LEAUB  |d OCLCO  |d OCLCQ  |d OCLCO  |d OCLCL 
019 |a 505068858  |a 646758972 
020 |a 9780080561387  |q (electronic bk.) 
020 |a 0080561381  |q (electronic bk.) 
020 |a 0120038277  |q (electronic bk.) 
020 |a 9780120038275  |q (electronic bk.) 
035 |a (OCoLC)298810087  |z (OCoLC)505068858  |z (OCoLC)646758972 
050 4 |a QC173  |b .A2543eb vol. 27 
072 7 |a SCI  |x 051000  |2 bisacsh 
072 7 |a SCI  |x 074000  |2 bisacsh 
082 0 4 |a 539.7  |2 22 
049 |a TXAM 
245 0 0 |a Advances in atomic, molecular, and optical physics.  |n Volume 27 /  |c edited by David Bates, Benjamin Bederson. 
260 |a Boston :  |b Academic Press,  |c ©1991. 
300 |a 1 online resource (vii, 308 pages) :  |b illustrations 
336 |a text  |b txt  |2 rdacontent 
337 |a computer  |b c  |2 rdamedia 
338 |a online resource  |b cr  |2 rdacarrier 
490 0 |a Advances in atomic, molecular, and optical physics ;  |v v. 27 
504 |a Includes bibliographical references and index. 
588 0 |a Print version record. 
650 0 |a Atoms. 
650 0 |a Molecules. 
650 0 |a Nuclear physics. 
650 0 |a Physical optics. 
650 2 |a Nuclear Physics 
650 6 |a Atomes. 
650 6 |a Molécules. 
650 6 |a Physique nucléaire. 
650 6 |a Optique physique. 
650 7 |a nuclear physics.  |2 aat 
650 7 |a SCIENCE  |x Physics  |x Nuclear.  |2 bisacsh 
650 7 |a SCIENCE  |x Physics  |x Atomic & Molecular.  |2 bisacsh 
650 7 |a Atoms  |2 fast 
650 7 |a Molecules  |2 fast 
650 7 |a Nuclear physics  |2 fast 
650 7 |a Physical optics  |2 fast 
655 7 |a Electronic books.  |2 local 
700 1 |a Bates, David R.  |q (David Robert),  |d 1916-1994. 
700 1 |a Bederson, Benjamin. 
710 2 |a ScienceDirect (Online service) 
758 |i has work:  |a Advances in atomic, molecular, and optical physics V. 27 (Text)  |1 https://id.oclc.org/worldcat/entity/E39PCFvjPbPWpGGhFXKR8ByPQq  |4 https://id.oclc.org/worldcat/ontology/hasWork 
776 0 8 |i Print version:  |t Advances in atomic, molecular, and optical physics. Volume 27.  |d Boston : Academic Press, ©1991  |z 0120038277  |z 9780120038275  |w (OCoLC)23207991 
856 4 0 |u http://proxy.library.tamu.edu/login?url=https://www.sciencedirect.com/science/bookseries/1049250X/27  |z Connect to the full text of this electronic book  |t 0 
955 |a Elsevier ScienceDirect 2026-2027 
994 |a 92  |b TXA 
999 f f |i f5a163f8-2f00-4ab2-b9ba-a4350d61d499  |s 212c3f43-f7ed-4d44-9956-12b495addee8  |t 0 
952 f f |a Texas A&M University  |b College Station  |c Electronic Resources  |s www_evans  |d Available Online  |t 0  |e QC173 .A2543eb vol. 27  |h Library of Congress classification 
998 f f |a QC173 .A2543eb vol. 27  |t 0  |l Available Online